| 000 | 00356nam a2200145Ia 4500 | ||
|---|---|---|---|
| 008 | 230312s9999||||xx |||||||||||||| ||und|| | ||
| 020 | _a0-7020-2971-4 | ||
| 082 |
_a611 _bRYA-A |
||
| 100 | _aRyan;Stephanie | ||
| 245 | 0 | _aAnatomy for Diagnostic Imaging | |
| 260 |
_bSaunder/Elsevier _auk _c2011 |
||
| 300 | _a337 | ||
| 650 |
_aMedical _vAnatomy |
||
| 942 | _cBK | ||
| 999 |
_c3201 _d3201 |
||